000 00416nam a2200157 4500
001 20621
005 20230410101711.0
008 060907n1998 dr spa
035 _9funglode20773
041 _aFR
050 1 4 _a110 N 6606 H153 1998
245 0 _aHaiti au toit de la grande arche
260 _aPourt-au-Prince :
_bBibliotheque Nationale d'Haiti,
_c1998
300 _a142 p.
942 _2lcc
_cbk
999 _c12322
_d12322